Co to za piosenka? - Statystyki

Ogólne statystyki
  • Ten quiz został rozwiązany 17 razy
  • Średni wynik to 5 z 16
Statystyki odpowiedzi
Hint Odpowiedź % Poprawnych
1. "Mama, just killed a man, put a gun against his head, pulled my trigger, now he's dead." Bohemian Rhapsody - Queen
79%
12. "Ale ta historia ma też happy end Bo ten zwykły kamień, okazało się Że on ze złota był To chyba mi się śni Jedno wyjście pozostało mi" Kamień z napisem Love - Enej
71%
4. "Mąż Twój wielbił porządek i pełne szkło
Narzeczoną miał kiedyś jak sen
Z autobusem arabów zdradziła go
Nigdy nie był już sobą, o nie"
Jolka Jolka - Felicjan Andrzejczak
57%
11. "Baby don't hurt me, Don't hurt me, no more Baby don't hurt me, Don't hurt me, no more" What is Love - Haddaway
57%
2. "Wiesz mamo, wyobraziłem sobie, żeŻe nie ma Boga, nie ma nie! Nie ma Boga, nie."
List do M - Dżem
36%
8. "Sukienka samotnie w szafie lśni Nie założy jej już nikt Nie dowie się Czemu tak stało się Zamiast tak on powiedział nie" Miał być ślub - Monika Brodka
36%
16. "Hej, prorocy moi z gniewnych lat - obrastacie w tłuszcz Już was w swoje szpony dopadł szmal - zdrada płynie z ust" Nie płacz Ewka - Perfekt
36%
10. "Kochać — jak to łatwo powiedzieć Kochać — to nie pytać o nic Bo miłość jest niepokojem Nie zna dnia, który da się powtórzyć" Kochać - Piotr Szczepanik
29%
13. "You better lose yourself in the music
The moment, you own it, you better never let it go
You only get one shot, do not miss your chance to blow
This opportunity comes once in a lifetime, yo"
Lose Yourself - Eminem
29%
6. "Tłum marynarzy pokład mu zdobi Słońce na górze pięknie lśni Dobry fotograf to zdjęcie zrobił Wszystko jak żywe, aż się cni" Parostatek - Krzysztof Krawczyk
29%
9. "These streets will make you feel brand new
Big lights will inspire you
Let's hear it for New York
New York, New York"
Empire State Of Mind - Jay-Z feat. Alicia Keys
14%
5. "The colours of the rainbow, so pretty in the sky Are also on the faces of people going by I see friends shaking hands, sayin': “How do you do?” They're really sayin': “I love you”" What a Wonderful World - Louis Armstrong
14%
3. "I don't care if it hurts
I want to have control
I want a perfect body
I want a perfect soul"
Creep - Radiohead
7%
7. "Big wheels keep on turning Carry me home to see my kin. Singing songs about the southland I miss'ole' 'bamy once again (and I think it's a sin)" Sweet Home Alabama - Lynyrd Skynyrd
7%
15. "Sometimes I feel like I don't have a partner Sometimes I feel like my only friend Is the city I live in, the city of angels Lonely as I am, together we cry." Under the Bridge - Red Hot Chili Peppers
7%
14. "Tuż po dwunastej, jak zwykle wcięty
Stoję przy barze, wyjmuję Kenty
Zamawiam drinka marki Ekstaza
I że tak powiem to ciągle się powtarza"
W aucie - Sokół i Pono
0%
Nie znaleziono quizów pasujących do podanych kryteriów
Rozkład punktacji
Procent ludzi z każdym wynikiem
Percentyl według liczby udzielonych odpowiedzi
Twoja historia wyników
Nie rozwiązałeś tego quizu